Racismo, proximidad y mestizaje: el caso de las mujeres en el servicio doméstico en México /
El artículo examina las dinámicas de racismo y mestizaje que afectan a las mujeres que trabajan en el servicio doméstico en México. El estudio destaca cómo el racismo estructural y las jerarquías raciales históricas se manifiestan en el ámbito del trabajo doméstico. Las mujeres indígenas y afrodesce...
Wedi'i Gadw mewn:
| Prif Awdur: | |
|---|---|
| Fformat: | Llyfr |
| Iaith: | Spanish |
| Pynciau: | |
| Tagiau: |
Ychwanegu Tag
Dim Tagiau, Byddwch y cyntaf i dagio'r cofnod hwn!
|
MARC
| LEADER | 00000nam a22000007a 4500 | ||
|---|---|---|---|
| 003 | cru CIDCACS/IIS | ||
| 005 | 20230921151942.0 | ||
| 007 | ta | ||
| 008 | 170914t2013 mx |||p|r|||| 00| 0 spa d | ||
| 040 | |c cru CIDCACS/IIS | ||
| 100 | 1 | |9 357 |a Saldaña-Tejeda, Abril | |
| 245 | 1 | |a Racismo, proximidad y mestizaje: |b el caso de las mujeres en el servicio doméstico en México / |c Abril Saldaña Tejeda | |
| 300 | |a páginas 73-89 | ||
| 520 | |a El artículo examina las dinámicas de racismo y mestizaje que afectan a las mujeres que trabajan en el servicio doméstico en México. El estudio destaca cómo el racismo estructural y las jerarquías raciales históricas se manifiestan en el ámbito del trabajo doméstico. Las mujeres indígenas y afrodescendientes que trabajan en este sector enfrentan discriminación racial y social, lo que se traduce en condiciones laborales precarias y bajos salarios. Además, se resalta la importancia de la proximidad física en este tipo de trabajo, ya que las trabajadoras domésticas a menudo realizan sus tareas en los hogares de sus empleadores, lo que puede intensificar las tensiones raciales y de clase. El concepto de mestizaje también se analiza en el artículo, ya que México tiene una larga historia de mestizaje cultural y racial. Sin embargo, se argumenta que, en lugar de promover la igualdad, el mestizaje a veces se utiliza para perpetuar la discriminación, ya que las mujeres mestizas suelen ocupar puestos de mayor estatus en comparación con sus colegas indígenas o afrodescendientes. En resumen, el artículo ofrece una mirada crítica a las intersecciones de raza, género y clase en el contexto del trabajo doméstico en México, destacando la necesidad de abordar las desigualdades sistémicas que afectan a estas trabajadoras. RAR 09/2023 | ||
| 650 | 0 | |2 OCDE |9 404 |a RACISMO | |
| 650 | 0 | |2 UNESCO |9 2268 |a SERVICIOS DOMESTICOS | |
| 650 | 0 | |2 OCDE |9 88 |a MUJERES | |
| 650 | 0 | |2 OCDE |9 1908 |a MESTIZOS | |
| 650 | 0 | |2 OCDE |9 633 |a DISCRIMINACION RACIAL | |
| 650 | 0 | |2 OCDE |9 964 |a GENERO | |
| 651 | 0 | |2 OCDE |9 3410 |a MEXICO | |
| 773 | 0 | |0 40436 |9 1331 |a Universidad Autónoma de Nuevo León |d Monterrey, México: Universidad Autónoma de Nuevo León, |o 18282 |t Trayectorias: |x 14058928 (anterior) | |
| 942 | |2 ddc |c PP | ||
| 999 | |c 40444 |d 40444 | ||
